| 000 | 01102nam a22003255i 4500 | ||
|---|---|---|---|
| 999 |
_c15156 _d15156 |
||
| 003 | EG-ScBUE | ||
| 005 | 20201019133153.0 | ||
| 008 | 090527t20112011njua f b 001 0 eng d | ||
| 020 | _a0132472759 | ||
| 020 | _a9780132472753 | ||
| 035 | _a(OCoLC)ocm69734610 | ||
| 040 |
_aEG-ScBuE _beng _erda _cEG-ScBuE _dEG-ScBuE |
||
| 082 | 0 | 4 |
_a005.133 _bLIA _222 |
| 100 | 1 |
_aLiang, Y. Daniel, _eauthor. _95393 |
|
| 245 | 1 | 0 |
_aIntroduction to JAVA programming : _bcomprehensive version / _cY. Daniel Liang, Armstrong Atlantic State University. |
| 246 | 3 | 0 | _aJAVA programming |
| 250 | _aEighth edition. | ||
| 250 | _aInternational edition. | ||
| 264 | 1 |
_aUpper Saddle River, New Jersey : _bPearson Education, _c[2011] |
|
| 264 | 4 | _cc2011 | |
| 300 |
_a1366 pages : _billustrations ; _c26 cm |
||
| 336 |
_atext _btxt _2rdacontent |
||
| 337 |
_aunmediated _bn _2rdamedia |
||
| 338 |
_avolume _bnc _2rdacarrier |
||
| 504 | _aIncludes bibliographical references and index. | ||
| 650 | 4 |
_aJava (Computer program language) _2BUEsh _95394 |
|
| 651 | _2BUEsh | ||
| 653 |
_bCOMSCI _cAugust2015 |
||
| 942 |
_cBB _2ddc |
||